Easy to use, light wait linux, desktop distrubution, based o (Record no. 139930)

000 -LEADER
fixed length control field 00280nmm a2200097Ia 4500
008 - FIXED-LENGTH DATA ELEMENTS--GENERAL INFORMATION
fixed length control field 220120s9999||||xx |||||||||||||||||und||
020 ## - INTERNATIONAL STANDARD BOOK NUMBER
International Standard Book Number 81-203-2165-0
100 ## - MAIN ENTRY--PERSONAL NAME
Personal name Digit
245 #0 - TITLE STATEMENT
Title Easy to use, light wait linux, desktop distrubution, based o
260 ## - PUBLICATION, DISTRIBUTION, ETC.
Place of publication, distribution, etc. Nine dot Nine
Name of publisher, distributor, etc. New Delhi
Holdings
Withdrawn status Lost status Damaged status Not for loan Home library Current library Date acquired Barcode Date last seen Price effective from Koha item type
        Central Library Central Library 01/20/2022 CD1481 01/20/2022 01/20/2022 Compact Disc

Powered by Koha